Out of this world : To forbidden Tibet
Saved in:
| Main Author: | |
|---|---|
| Format: | Book |
| Language: | Undetermined |
| Published: |
New York
Avon
1954
|
| Subjects: | |
| Tags: |
Add Tag
No Tags, Be the first to tag this record!
|
| Institutions: | Trung tâm Học liệu Trường Đại học Cần Thơ |
|---|
| LEADER | 00518nam a2200205Ia 4500 | ||
|---|---|---|---|
| 001 | CTU_90001 | ||
| 008 | 210402s9999 xx 000 0 und d | ||
| 082 | |a 915.1 | ||
| 082 | |b T454 | ||
| 100 | |a Thomas, Lowell | ||
| 245 | 0 | |a Out of this world : | |
| 245 | 0 | |b To forbidden Tibet | |
| 245 | 0 | |c Lowell Thomas | |
| 260 | |a New York | ||
| 260 | |b Avon | ||
| 260 | |c 1954 | ||
| 650 | |a China | ||
| 650 | |x Description and travel | ||
| 904 | |i Nguyên,Hải | ||
| 980 | |a Trung tâm Học liệu Trường Đại học Cần Thơ | ||